| 000 | 00816nam a2200253 i 4500 | ||
|---|---|---|---|
| 003 | DO-SdBNP | ||
| 005 | 20240304181731.0 | ||
| 007 | ta | ||
| 008 | 110413s1981 dr 000 0 spa d | ||
| 040 |
_aDO-SdBNP _bspa _cBNPHU _erda |
||
| 082 |
_bP273 _222 |
||
| 110 | 2 |
_aPartido Revolucionario Dominicano _95214 |
|
| 245 | 1 | 0 |
_aReglamento : _bparlamentario, disciplinario / _cpreparado por L. Almanzor González Canahuate |
| 250 | _a2a. edición | ||
| 264 |
_aSanto Domingo : _bPartido Revolucionario Dominicano, _c1981. |
||
| 300 |
_a19 páginas _c21 cm. |
||
| 336 |
_2rdacontent _atexto _btxt |
||
| 337 |
_2rdamedia _asin mediación _bn |
||
| 338 |
_2rdacarrier _avolumen _bnc |
||
| 500 | _aDepartamento Nacional de Organización | ||
| 590 | _aInventariado, 2023/ YL | ||
| 910 | _aYLockward | ||
| 942 |
_2ddc _cLF2 |
||
| 999 |
_c55010 _d55010 |
||